00425nam a2200121Ia 4500008004100000041000800041082001700049100001500066245004200081260003800123999001900161952012300180230627s9999 xx 000 0 und d amar a346.067bBAN aBansal B.L aState Financial Corporation Act, 1951 aNew DelhibAshoka Law Housec2001 c686776d686776 001040708LLBaNLPbNLPcNLP-13d2004-03-31g580.00l0o346.067 BANpNLP-N07358r2023-07-17 00:00:00w2023-07-17yBK